La Semiótica como teoría lingüística

Saved in:
Bibliografiske detaljer
Hovedforfatter: Bobes Naves, María del Carmen (Author)
Format: Bog
Sprog:spansk
Udgivet: Madrid Gredos 1973
Serier:Biblioteca Románica Hispanica. Estudios y Ensayos, 191
Fag:
Tags: Tilføj Tag
Ingen Tags, Vær først til at tagge denne postø!

MARC

LEADER 00000nam a2200000 a 4500
001 UCR9492
003 CL-VaPUC
008 980613e19730000SP |||||||||||||||||spa|d
082 0 4 |a 412  |b BOB  |2 21 
100 0 |a Bobes Naves, María del Carmen  |e author  |9 412089 
245 1 3 |a La Semiótica como teoría lingüística 
300 |a 238 p 
942 |c BK 
945 |d 19980613 00:00:00  |a crobeson 
260 |a Madrid  |b Gredos  |c 1973 
650 0 |a Semiótica  |9 265317 
650 0 |a Lingüística  |9 265068 
650 0 |a Semántica  |9 265318 
583 |a last modification  |c 19980613 00:00:00  |k Rodrigo Vera 
490 0 |a Biblioteca Románica Hispanica. Estudios y Ensayos, 191 
999 |c 270684  |d 270682 
952 |0 0  |1 0  |4 0  |6 412_000000000000000_BOB_1973  |7 0  |8 A  |9 305058  |a BIBEDU  |b BIBEDU  |d 2019-11-20  |i 1413988  |o 412 BOB 1973  |p 1413988  |r 2019-11-20  |w 2019-11-20  |y BK  |k LIT 
952 |0 0  |1 0  |4 0  |6 412_000000000000000_BOB_1973  |7 0  |8 A  |9 305059  |a FDOPOS  |b FDOPOS  |d 2019-11-20  |i 4271963  |o 412 BOB 1973  |p 4271963  |r 2025-01-22  |w 2019-11-20  |y BK  |k MLA